LEADER 01278nam a2200265 i 4500 001 000000161234 003 CaOOAMICUS 005 20070521000000.0 008 070521s1969 rm u000 u fre u 013 $a138597 040 $aSeMil$bita 100 1 $aCrisan, Constantin.$0(OLS)http://semarc/name/42547 245 13$aLa littérature roumaine dans le monde :$bessai sur la vie de la littérature roumaine à l'étranger /$cConstantin Crisan, Victor Craciun ; avec un préface de Pierre de Boisdeffre. 260 $aBucarest :$bMeridiane,$c1969. 300 $a133 p., [16] p. di tav. :$bill. ;$c20 cm. 500 $aFondo Card. Giovanni Colombo. - In prel. : Dedica. 650 4$aLetteratura rumena - Storia.$0(OLS)http://semarc/subject/17532 700 1 $aBoisdeffre, Pierre : de.$0(OLS)http://semarc/name/42549 700 1 $aCraciun, Victor.$0(OLS)http://semarc/name/42548 850 $aSeMil 852 $aSeMil$W1$xVenegono$y1$m1U II 91$j112666$B112666$CSeMilBibl$Z2$F124542 $81 941 1 $a3 961 $aLascito: Colombo Card. Giovanni 996 $6245$aLa littérature roumaine dans le monde :$bessai sur la vie de la littérature roumaine à l'étranger$9(OLS)http://semarc/title/144246 996 $6260$aBucarest :$bMeridiane$9(OLS)http://semarc/publisher/44402 LEADER 01089nam a2200181 i 4500 001 000000055258 003 CaOOAMICUS 005 19970624000000.0 008 970624n xx u000 u spa u 013 $a26430 040 $aSeMil$bita 100 1 $aRebollo Peña, Ambrosio.$0(OLS)http://semarc/name/27708 245 10$aAbstracto y concreto en la filosofia de Santo Tomas :$bestructura metafisica de los cuerpos y su conocimiento intelectivo. Burgos : [s.n.], 1955. ((Dissertatio ad Lauream in Facultate Philosophica Pontificiae Universitatis Gregorianae. 600 04$aTommaso : d'Aquino .$0(OLS)http://semarc/subject/115 650 4$aTesi di laurea.$0(OLS)http://semarc/subject/1690 850 $aSeMil 852 $aSeMil$W1$xVenegono$y1$m2I II 427$j21412$B21412$CSeMilBibl$Z2$F21414 $81 996 $6245$aAbstracto y concreto en la filosofia de Santo Tomas :$bestructura metafisica de los cuerpos y su conocimiento intelectivo. Burgos : [s.n.], 1955. ((Dissertatio ad Lauream in Facultate Philosophica Pontificiae Universitatis Gregorianae.$9(OLS)http://semarc/title/85667